00993nam a2200253 4500003000400000005001700004008004100021020001600062040001800078041000800096050002400104100003800128245013600166264005400302300003400356336002200390337002400412338002400436500010100460600006000561650003700621700003400658710004700692OSt20260601193852.0260506b1997 mx ||||| |||| 00| 0 spa d a 9701804422 aICIbspacICI aSPA aTR647.L66bC37 1997 1aCarrillo Trueba, César,e autor 1a Los rumbos del tiempo /ctexto Cesar Carrillo Trueba ; introd. y notas biograficas Citlalli Lopez Binnquist ; ed. Jorge Lepez Vela aMéxico :bInstituto Nacional Indigenista,c1997 a143 páginasb ilustraciones atexto2rdacontent asin medio2rdamedia avolumen2rdacarrier aEn coedicion con: Gobierno del Estado de Hidalgo : Instituto Nacional de Antropologia e Historia aLópez, Nacho,1923-1986 xCrítica e interpretación 4aFotografía artísticazMexico aLépez Vela, Jorge, eeditor a Instituto Nacional Indigenista (México)